000 00568nam a2200217 a 4500
001 BRCA_8206
005 20190320210156.0
008 150514s1956----u--####f##---#000-0#eng-#
041 _aeng
044 _au
050 4 _aHG3881
_b.W3 1956
100 1 _aWallich, Henry C.
_920451
245 1 0 _aConservative economic policy
_cHenry C. Wallich.
260 _aEstados Unidos
_bYale Review
_c1956
300 _a1 v.
_c23 cm.
500 _aU93
650 1 4 _aPoliticas económicas
_920452
650 1 4 _aFinanzas internacionales
_920453
902 _aGFM
942 _2lcc
_cB
999 _c7874
_d7874